[Event "Mecklenburg VP VL 1415"]
[Site "Mecklenburg VP"]
[Date "2014.12.07"]
[Round "4.2"]
[White "Hammel, Ralf"]
[Black "Voelsgen, Georg"]
[Result "1-0"]
[WhiteElo "1965"]
[BlackElo "1978"]
[PlyCount "165"]
[EventDate "2014.09.21"]
[EventType "team-tourn"]
[EventRounds "9"]
[EventCountry "GER"]
[SourceTitle "EXT 2022"]
[Source "ChessBase"]
[SourceDate "2021.10.06"]
[SourceVersion "1"]
[SourceVersionDate "2021.10.06"]
[SourceQuality "1"]
[WhiteTeam "Rostock HSG Uni"]
[BlackTeam "Gryps SV"]
[WhiteTeamCountry "GER"]
[BlackTeamCountry "GER"]

1. e4 e5 2. Nf3 Nc6 3. Nc3 Nf6 4. Bb5 Bb4 5. 0-0 Bxc3 6. dxc3 d6 7. Re1 Bg4 8. h3 Bh5 9. Bxc6+ bxc6 10. c4 Nd7 11. Qd3 Nc5 12. Qe3 Qe7 13. b3 Bg6 14. Nd2 Ne6 15. Nf3 0-0 16. g4 h5 17. Kg2 Nf4+ 18. Kg3 Qd7 19. Bb2 Nxh3 20. Nxe5 dxe5 21. Kxh3 Qxg4+ 22. Kh2 f5 23. Rg1 Qh4+ 24. Qh3 Qxh3+ 25. Kxh3 Kh7 26. Bxe5 fxe4 27. Rg2 Rad8 28. Rag1 Bf5+ 29. Kh2 Bg4 30. Bxc7 Rd2 31. f4 e3 32. Ba5 Rxg2+ 33. Kxg2 Rxf4 34. Be1 g5 35. a4 Bf3+ 36. Kh2 Kg6 37. Bg3 Rd4 38. Bb8 h4 39. Bxa7 Rd2+ 40. Kh3 Kh5 41. Rxg5+ Kxg5 42. Bxe3+ Kf5 43. Bxd2 Ke5 44. a5 c5 45. a6 Kd6 46. Be3 Kc6 47. a7 Kb6 48. b4 Kxa7 49. Bxc5+ Kb7 50. Be7 Be2 51. c5 Bd1 52. c3 Be2 53. Kxh4 Kc6 54. Kg3 Kd5 55. Kf4 Bd3 56. Ke3 Bf1 57. Kd2 Bc4 58. Kc2 Kc6 59. Kb2 Kb5 60. Kc2 Kc6 61. Kd2 Kd5 62. Ke3 Bf1 63. Kf4 Bd3 64. Kg5 Bc2 65. Bf6 Bd3 66. Bg7 Bc4 67. Kf6 Bd3 68. Ke7 Bb5 69. Kd8 Kc6 70. Kc8 Bc4 71. Kb8 Bb5 72. Bh6 Ba6 73. Bf4 Bb5 74. Kc8 Bc4 75. Kd8 Bb5 76. Ke7 Bc4 77. Kf6 Kd5 78. Be3 Bd3 79. Ke7 Bb5 80. Bf2 Ba4 81. Kd8 Kc6 82. c4 Bb3 83. b5+ 1-0

[Event "Mecklenburg VP LL2 Ost 1112"]
[Site "Mecklenburg VP"]
[Date "2012.02.26"]
[Round "7.2"]
[White "Schwarz, Eckhard"]
[Black "Voelsgen, Georg"]
[Result "1/2-1/2"]
[WhiteElo "1889"]
[BlackElo "2003"]
[PlyCount "45"]
[EventDate "2011.10.02"]
[EventType "team-tourn"]
[EventRounds "9"]
[EventCountry "GER"]
[SourceTitle "EXT 2022"]
[Source "ChessBase"]
[SourceDate "2021.10.06"]
[SourceVersion "1"]
[SourceVersionDate "2021.10.06"]
[SourceQuality "1"]
[WhiteTeam "Waterkant Saal SV"]
[BlackTeam "Gryps SV"]
[WhiteTeamCountry "GER"]
[BlackTeamCountry "GER"]

1. d4 Nf6 2. c4 g6 3. Nc3 Bg7 4. e4 d6 5. Nf3 0-0 6. Be2 e5 7. dxe5 dxe5 8. Qxd8 Rxd8 9. Bg5 c6 10. 0-0 Bg4 11. h3 Bxf3 12. Bxf3 Na6 13. Rad1 Rd4 14. b3 Rad8 15. Be3 Rxd1 16. Rxd1 Rxd1+ 17. Bxd1 b6 18. a3 Nc7 19. b4 Ne6 20. Ba4 Nd4 21. f3 Kf8 22. Kf2 Ke7 23. Ke1 1/2-1/2

[Event "GER-chT Nord-Ost U20 U20 1112"]
[Site "Germany"]
[Date "2011.11.05"]
[Round "2.1"]
[White "Voelsgen, Georg"]
[Black "Perestjuk, Marko"]
[Result "1/2-1/2"]
[WhiteElo "2003"]
[BlackElo "1945"]
[PlyCount "97"]
[EventDate "2011.09.24"]
[EventType "team-tourn"]
[EventRounds "9"]
[EventCountry "GER"]
[SourceTitle "EXT 2015"]
[Source "ChessBase"]
[SourceDate "2014.11.20"]
[SourceVersion "1"]
[SourceVersionDate "2014.11.20"]
[SourceQuality "1"]

1. e4 c5 2. Nc3 Nc6 3. f4 g6 4. Nf3 Bg7 5. Bb5 Nd4 6. Nxd4 cxd4 7. Ne2 e6 8. 0-0 Ne7 9. d3 0-0 10. Qe1 Qc7 11. Ba4 b5 12. Bb3 f5 13. e5 d6 14. Nxd4 dxe5 15. Nxe6 Bxe6 16. Bxe6+ Kh8 17. Bb3 Nc6 18. c3 Rad8 19. Qg3 Rfe8 20. Bd2 Qd7 21. Bc2 b4 22. Rad1 Qd5 23. Ba4 Re7 24. Bxc6 Qxc6 25. fxe5 Bxe5 26. Qf3 Qf6 27. d4 Bc7 28. cxb4 Bb6 29. Bc3 Red7 30. Qf4 Bxd4+ 31. Rxd4 Rxd4 32. Re1 Kg8 33. Bxd4 Rxd4 34. Qc7 Rd8 35. Qc4+ Kg7 36. Qc3 Qd4+ 37. Qxd4+ Rxd4 38. Re7+ Kf6 39. Rxh7 Rd1+ 40. Kf2 Rd2+ 41. Kg3 Rxb2 42. Rxa7 Rxb4 43. h3 Kg5 44. a4 Rb3+ 45. Kh2 Rb2 46. a5 f4 47. Kg1 Ra2 48. a6 Kh4 49. Rg7 1/2-1/2

[Event "Mecklenburg VP LL2 Ost 1112"]
[Site "Mecklenburg VP"]
[Date "2011.10.23"]
[Round "2.2"]
[White "Kutschke, Peter"]
[Black "Voelsgen, Georg"]
[Result "1/2-1/2"]
[WhiteElo "1944"]
[BlackElo "2003"]
[PlyCount "39"]
[EventDate "2011.10.02"]
[EventType "team-tourn"]
[EventRounds "9"]
[EventCountry "GER"]
[SourceTitle "EXT 2022"]
[Source "ChessBase"]
[SourceDate "2021.10.06"]
[SourceVersion "1"]
[SourceVersionDate "2021.10.06"]
[SourceQuality "1"]
[WhiteTeam "Rostock HSG Uni"]
[BlackTeam "Gryps SV"]
[WhiteTeamCountry "GER"]
[BlackTeamCountry "GER"]

1. e4 c5 2. c4 Nc6 3. Ne2 g6 4. d4 cxd4 5. Nxd4 Bg7 6. Be3 d6 7. Nc3 Nf6 8. Be2 0-0 9. 0-0 Ne5 10. f3 Qa5 11. Rc1 Bd7 12. b3 a6 13. Qd2 Rfb8 14. Rfd1 b5 15. Nd5 Qxd2 16. Rxd2 Nxd5 17. cxd5 Rc8 18. Rdc2 Rxc2 19. Rxc2 Rc8 20. Rxc8+ 1/2-1/2

[Event "Mecklenburg VP LL2 Ost 0910"]
[Site "Mecklenburg VP"]
[Date "2010.04.11"]
[Round "9.2"]
[White "Voelsgen, Georg"]
[Black "Schwarz, Eckhard"]
[Result "1-0"]
[WhiteElo "1976"]
[BlackElo "1927"]
[PlyCount "59"]
[EventDate "2009.10.18"]
[EventType "team-tourn"]
[EventRounds "9"]
[EventCountry "GER"]
[SourceTitle "EXT 2016"]
[Source "ChessBase"]
[SourceDate "2015.10.08"]
[SourceVersion "1"]
[SourceVersionDate "2015.10.08"]
[SourceQuality "1"]
[WhiteTeam "Gryps SV"]
[BlackTeam "Saal Waterkant"]
[WhiteTeamCountry "GER"]
[BlackTeamCountry "GER"]

1. e4 Nf6 2. e5 Nd5 3. d4 d6 4. c4 Nb6 5. f4 g6 6. Nc3 Bg7 7. Nf3 dxe5 8. fxe5 c5 9. d5 Bg4 10. Bf4 N8d7 11. Qe2 f6 12. e6 Ne5 13. Bxe5 fxe5 14. h3 Bxf3 15. Qxf3 Bf6 16. Bd3 0-0 17. Qg4 Nc8 18. h4 Nd6 19. h5 g5 20. Ne4 h6 21. 0-0 b5 22. b3 bxc4 23. bxc4 Rb8 24. Rf3 Bg7 25. Nxd6 Rxf3 26. Qxf3 exd6 27. Qf7+ Kh8 28. e7 Qg8 29. Qxg8+ Kxg8 30. Bg6 1-0

[Event "Mecklenburg VP-ch U18"]
[Site "Malchow"]
[Date "2010.02.??"]
[Round "1.2"]
[White "Lange, Robert"]
[Black "Voelsgen, Georg"]
[Result "1/2-1/2"]
[WhiteElo "1353"]
[BlackElo "1973"]
[PlyCount "101"]
[EventDate "2010.02.10"]
[EventType "swiss"]
[EventRounds "7"]
[EventCountry "GER"]
[SourceTitle "EXT 2022"]
[Source "ChessBase"]
[SourceDate "2021.10.06"]
[SourceVersion "1"]
[SourceVersionDate "2021.10.06"]
[SourceQuality "1"]

1. d4 Nf6 2. Nf3 g6 3. Bg5 Bg7 4. e3 d6 5. Bd3 Nbd7 6. Nbd2 c5 7. c3 Qa5 8. 0-0 0-0 9. Re1 e5 10. Bh4 Re8 11. e4 Nh5 12. Nc4 Qc7 13. d5 b5 14. Ne3 c4 15. Bc2 a5 16. a3 Nf4 17. Bg3 Nc5 18. Bxf4 exf4 19. Nf1 Bg4 20. h3 Bxf3 21. Qxf3 Be5 22. Nh2 f6 23. Ng4 Qg7 24. Nxe5 fxe5 25. Qg4 Rf8 26. Qf3 g5 27. Kf1 Qg6 28. Ke2 h5 29. Kd2 g4 30. hxg4 hxg4 31. Qe2 f3 32. gxf3 Rxf3 33. Qxf3 gxf3 34. Rg1 Kf7 35. Rxg6 Kxg6 36. Ke3 Rf8 37. Rg1+ Kh6 38. Rg3 a4 39. Rxf3 Rxf3+ 40. Kxf3 Kg5 41. Ke3 Nd7 42. Bd1 Nf8 43. Be2 Ng6 44. Bd1 Nf4 45. Be2 Kh4 46. Kf3 Kg5 47. Ke3 Nd3 48. Bxd3 cxd3 49. f3 Kh4 50. Kxd3 Kh3 51. Kd2 1/2-1/2

[Event "Mecklenburg VP-ch U18"]
[Site "Malchow"]
[Date "2010.02.??"]
[Round "4.1"]
[White "Voelsgen, Georg"]
[Black "Kugler, Florian"]
[Result "1-0"]
[WhiteElo "1973"]
[BlackElo "2073"]
[PlyCount "73"]
[EventDate "2010.02.10"]
[EventType "swiss"]
[EventRounds "7"]
[EventCountry "GER"]
[SourceTitle "EXT 2022"]
[Source "ChessBase"]
[SourceDate "2021.10.06"]
[SourceVersion "1"]
[SourceVersionDate "2021.10.06"]
[SourceQuality "1"]

1. e4 e6 2. d3 d5 3. Nd2 Nd7 4. Ngf3 c5 5. g3 Bd6 6. Bg2 Ne7 7. 0-0 0-0 8. Re1 Rb8 9. h4 b5 10. e5 Bc7 11. Nf1 Nc6 12. Bf4 f6 13. exf6 Nxf6 14. Ne5 Nxe5 15. Bxe5 Bxe5 16. Rxe5 Qd6 17. Qe2 Rb6 18. Bh3 c4 19. Re1 Re8 20. Nh2 Qb4 21. b3 cxd3 22. cxd3 Qc3 23. Nf3 h6 24. Qe3 Bd7 25. Nd4 Qc8 26. g4 Qc7 27. f4 Qc5 28. g5 hxg5 29. fxg5 Nh7 30. h5 Nf8 31. Kg2 Qa3 32. g6 Qxa2+ 33. Re2 Qa1 34. Rf2 Rbb8 35. Qf4 Nxg6 36. Qf7+ Kh8 37. hxg6 1-0

[Event "Mecklenburg VP-ch U18"]
[Site "Malchow"]
[Date "2010.02.??"]
[Round "2"]
[White "Voelsgen, Georg"]
[Black "Schoebel, Ulrike"]
[Result "1-0"]
[WhiteElo "1973"]
[BlackElo "1656"]
[PlyCount "65"]
[EventDate "2010.02.10"]
[EventType "swiss"]
[EventRounds "7"]
[EventCountry "GER"]
[SourceTitle "EXT 2022"]
[Source "ChessBase"]
[SourceDate "2021.10.06"]
[SourceVersion "1"]
[SourceVersionDate "2021.10.06"]
[SourceQuality "1"]

1. e4 d5 2. exd5 Qxd5 3. Nc3 Qa5 4. Bc4 Bf5 5. Qf3 c6 6. Nge2 Nf6 7. b4 Qxb4 8. Qxf5 e6 9. Qd3 Be7 10. a4 Nbd7 11. Ba3 Qb6 12. Bxe7 Kxe7 13. Qg3 Rhg8 14. Rb1 Qc5 15. Bd3 b6 16. 0-0 h5 17. Ne4 Nxe4 18. Bxe4 g5 19. d4 Qc4 20. Qd3 Qxd3 21. Bxd3 h4 22. Ba6 Rab8 23. Rb3 g4 24. Rc3 g3 25. fxg3 hxg3 26. Nxg3 Rg4 27. Rd1 Rbg8 28. Be2 R4g5 29. Rxc6 f5 30. Bf3 f4 31. Ne2 e5 32. dxe5 Nxe5 33. Rc7+ 1-0

[Event "GER-chT DLM U20"]
[Site "Wismar"]
[Date "2009.10.03"]
[Round "6"]
[White "Voelsgen, Georg"]
[Black "Grewenig, Jan"]
[Result "1-0"]
[WhiteElo "1969"]
[BlackElo "1881"]
[PlyCount "65"]
[EventDate "2009.09.30"]
[EventType "team-swiss"]
[EventRounds "7"]
[EventCountry "GER"]
[SourceTitle "CBM 132 Extra"]
[Source "ChessBase"]
[SourceDate "2009.11.03"]
[SourceVersion "1"]
[SourceVersionDate "2009.11.03"]
[SourceQuality "1"]
[WhiteTeam "Mecklenburg-Vorpommern U20"]
[BlackTeam "Saarland U20"]
[WhiteTeamCountry "GER"]
[BlackTeamCountry "GER"]

1. e4 c5 2. Nc3 d6 3. f4 Nc6 4. Nf3 e6 5. d3 Nge7 6. Qe2 g6 7. g3 Bg7 8. Bg2 Rb8 9. 0-0 0-0 10. h4 b5 11. h5 b4 12. Nd1 d5 13. e5 Nf5 14. Qf2 gxh5 15. Ne3 Nce7 16. Bh3 Nxe3 17. Qxe3 d4 18. Qe2 Bb7 19. Rf2 Nf5 20. Bxf5 exf5 21. Nh4 Qd5 22. Rh2 Bc8 23. Qxh5 Rb6 24. Nxf5 Bxf5 25. Qxf5 Rg6 26. Qh3 h5 27. Qg2 Qe6 28. Rxh5 f6 29. f5 Qxe5 30. Bf4 Qxf4 31. gxf4 Rxg2+ 32. Kxg2 Re8 33. Kf2 1-0

[Event "GER-ch U18"]
[Site "Willingen"]
[Date "2009.05.30"]
[Round "1"]
[White "Voelsgen, Georg"]
[Black "Seyb, Alexander"]
[Result "0-1"]
[WhiteElo "1923"]
[BlackElo "2271"]
[PlyCount "100"]
[EventDate "2009.05.30"]
[EventType "swiss"]
[EventRounds "9"]
[EventCountry "GER"]
[SourceTitle "CBM 130 Extra"]
[Source "ChessBase"]
[SourceDate "2009.07.02"]
[SourceVersion "2"]
[SourceVersionDate "2009.07.15"]
[SourceQuality "1"]

1. e4 e5 2. Nf3 Nc6 3. Bc4 Bc5 4. 0-0 Nf6 5. d3 a6 6. Be3 d6 7. c3 Bxe3 8. fxe3 Na5 9. Nbd2 0-0 10. Qe1 b5 11. Bb3 Nxb3 12. Nxb3 c5 13. Nbd2 Qe7 14. Nh4 g6 15. h3 Bd7 16. Nhf3 Nh5 17. g4 Ng7 18. Nh4 f6 19. Qg3 Rf7 20. Rf2 Raf8 21. Raf1 Be6 22. a3 a5 23. Kh2 Bc8 24. Rg2 Ba6 25. Rfg1 a4 26. Nhf3 Ne6 27. h4 b4 28. c4 bxa3 29. bxa3 Rb8 30. Rb1 Rff8 31. Qf2 Qc7 32. h5 Kg7 33. Qh4 Qe7 34. g5 Rxb1 35. Nxb1 fxg5 36. Nxg5 Nxg5 37. Rxg5 Qb7 38. hxg6 hxg6 39. Nd2 Qb2 40. Qe1 Bc8 41. Rg2 Qxa3 42. Qg3 Rf6 43. Nf3 Qxd3 44. Ng5 Qxc4 45. Qh4 Qg8 46. Kg1 Qh8 47. Qe1 Ba6 48. Rh2 Rf1+ 49. Qxf1 Qxh2+ 50. Kxh2 Bxf1 0-1

[Event "Mecklenburg VP-ch"]
[Site "Greifswald"]
[Date "2009.04.12"]
[Round "8.8"]
[White "Voelsgen, Georg"]
[Black "Wiese, Frank"]
[Result "1/2-1/2"]
[WhiteElo "1923"]
[BlackElo "1867"]
[PlyCount "95"]
[EventDate "2009.04.09"]
[EventType "swiss"]
[EventRounds "9"]
[EventCountry "GER"]
[SourceTitle "EXT 2022"]
[Source "ChessBase"]
[SourceDate "2021.10.06"]
[SourceVersion "1"]
[SourceVersionDate "2021.10.06"]
[SourceQuality "1"]

1. e4 c6 2. d4 d5 3. e5 c5 4. c3 Nc6 5. h3 Bf5 6. Bd3 Bxd3 7. Qxd3 e6 8. a3 cxd4 9. cxd4 Qb6 10. Nf3 Nge7 11. b4 Nf5 12. Be3 Nxe3 13. fxe3 Be7 14. 0-0 0-0 15. Nc3 Qd8 16. Rf2 a6 17. Na4 b5 18. Nc5 Bxc5 19. bxc5 Na5 20. h4 h6 21. g4 f5 22. exf6 Rxf6 23. g5 Rf5 24. gxh6 gxh6 25. Rg2+ Kh7 26. e4 dxe4 27. Qxe4 Qf8 28. Ne5 Ra7 29. Rf1 Nc4 30. Nxc4 bxc4 31. Rc1 Kh8 32. Qxe6 c3 33. Rxc3 Rf1+ 34. Kh2 Qf4+ 35. Rcg3 Qxh4+ 36. Qh3 Qxh3+ 37. Rxh3 Kh7 38. Rb2 Rd1 39. Rb6 Rd2+ 40. Kg1 Rg7+ 41. Kf1 Rg6 42. Rb7+ Rg7 43. Rxg7+ Kxg7 44. Rh4 Rc2 45. Rf4 Kg6 46. Rf2 Rc4 47. Rd2 Kf5 48. Rh2 1/2-1/2

[Event "Mecklenburg VP-ch"]
[Site "Greifswald"]
[Date "2009.04.09"]
[Round "2.4"]
[White "Parashchenko, Oleg"]
[Black "Voelsgen, Georg"]
[Result "0-1"]
[WhiteElo "2066"]
[BlackElo "1923"]
[PlyCount "44"]
[EventDate "2009.04.09"]
[EventType "swiss"]
[EventRounds "9"]
[EventCountry "GER"]
[SourceTitle "EXT 2022"]
[Source "ChessBase"]
[SourceDate "2021.10.06"]
[SourceVersion "1"]
[SourceVersionDate "2021.10.06"]
[SourceQuality "1"]

1. e4 e5 2. f4 exf4 3. Bc4 Qh4+ 4. Kf1 d6 5. Nc3 Be6 6. Nd5 Bxd5 7. Bxd5 c6 8. Bb3 Nd7 9. Nf3 Qh5 10. d4 g5 11. g4 Qh3+ 12. Ke2 Qg2+ 13. Kd3 0-0-0 14. Nxg5 Nc5+ 15. Kc3 Nf6 16. Kb4 Na6+ 17. Ka5 d5 18. c4 Nxe4 19. Nxe4 Qxe4 20. Bc2 Bb4+ 21. Ka4 dxc4 22. Bxe4 b5# 0-1

[Event "Mecklenburg VP-ch"]
[Site "Greifswald"]
[Date "2009.04.09"]
[Round "1.15"]
[White "Rusch, Julia"]
[Black "Voelsgen, Georg"]
[Result "0-1"]
[WhiteElo "1316"]
[BlackElo "1923"]
[PlyCount "52"]
[EventDate "2009.04.09"]
[EventType "swiss"]
[EventRounds "9"]
[EventCountry "GER"]
[SourceTitle "EXT 2022"]
[Source "ChessBase"]
[SourceDate "2021.10.06"]
[SourceVersion "1"]
[SourceVersionDate "2021.10.06"]
[SourceQuality "1"]

1. e4 e5 2. Nf3 Nc6 3. Nc3 d6 4. d4 Bg4 5. Be3 exd4 6. Bxd4 Nxd4 7. Qxd4 Ne7 8. 0-0-0 Nc6 9. Bb5 Bxf3 10. gxf3 Qg5+ 11. Qd2 Qxd2+ 12. Rxd2 g6 13. Nd5 0-0-0 14. Bxc6 bxc6 15. Ne3 Bh6 16. c4 Rhe8 17. Rd3 Re5 18. Kb1 f5 19. exf5 gxf5 20. Rhd1 Rde8 21. Nc2 Re2 22. Rf1 c5 23. Rdd1 Bd2 24. Ka1 Rg8 25. Rg1 Rxg1 26. Rxg1 Rxf2 0-1

[Event "Mecklenburg VP LL 0809"]
[Site "Mecklenburg VP"]
[Date "2009.03.01"]
[Round "7.3"]
[White "Voelsgen, Georg"]
[Black "Hamann, Dirk"]
[Result "1-0"]
[WhiteElo "1872"]
[BlackElo "1968"]
[PlyCount "25"]
[EventDate "2008.10.05"]
[EventType "team-tourn"]
[EventRounds "9"]
[EventCountry "GER"]
[SourceTitle "EXT 2022"]
[Source "ChessBase"]
[SourceDate "2021.10.06"]
[SourceVersion "1"]
[SourceVersionDate "2021.10.06"]
[SourceQuality "1"]
[WhiteTeam "Gryps SV"]
[BlackTeam "Warnemuende SF Ostsee"]
[WhiteTeamCountry "GER"]
[BlackTeamCountry "GER"]

1. e4 Nf6 2. e5 Nd5 3. d4 d6 4. Nf3 dxe5 5. Nxe5 g6 6. Qf3 Nf6 7. Bc4 e6 8. Nc3 Be7 9. Ne4 0-0 10. Bh6 Re8 11. 0-0-0 Nc6 12. Bb5 Bd7 13. Nxf6+ 1-0

[Event "Mecklenburg VP-ch U18"]
[Site "Malchow"]
[Date "2009.02.17"]
[Round "7.4"]
[White "Brandt, Florian"]
[Black "Voelsgen, Georg"]
[Result "0-1"]
[WhiteElo "1345"]
[BlackElo "1876"]
[PlyCount "76"]
[EventDate "2009.02.08"]
[EventType "tourn"]
[EventRounds "7"]
[EventCountry "GER"]
[SourceTitle "EXT 2022"]
[Source "ChessBase"]
[SourceDate "2021.10.06"]
[SourceVersion "1"]
[SourceVersionDate "2021.10.06"]
[SourceQuality "1"]

1. d4 Nf6 2. c3 g6 3. Nf3 Bg7 4. Bg5 d6 5. e3 0-0 6. Be2 Nbd7 7. 0-0 e5 8. dxe5 Nxe5 9. Nxe5 dxe5 10. Qc2 c6 11. Rd1 Qc7 12. Nd2 Be6 13. a3 b5 14. c4 bxc4 15. Bxc4 Rfe8 16. Rac1 Rab8 17. b4 a5 18. b5 cxb5 19. Bxe6 Qxc2 20. Bxf7+ Kxf7 21. Rxc2 h6 22. Bxf6 Bxf6 23. Ne4 Be7 24. Nd6+ Bxd6 25. Rxd6 Re6 26. Rd5 b4 27. a4 b3 28. Rb2 Rc6 29. Rd1 Rc2 30. Rbb1 b2 31. Kf1 Rbc8 32. Ke1 Ke6 33. g3 e4 34. h3 h5 35. h4 Ke5 36. Kf1 Rc1 37. Ke2 R8c2+ 38. Ke1 Rxb1 0-1

[Event "GER-chT Lands U20"]
[Site "Dresden"]
[Date "2008.11.16"]
[Round "5.2"]
[White "Voelsgen, Georg"]
[Black "Svane, Rasmus"]
[Result "1/2-1/2"]
[WhiteElo "1875"]
[BlackElo "2012"]
[PlyCount "161"]
[EventDate "2008.11.14"]
[EventType "team-swiss"]
[EventRounds "7"]
[EventCountry "GER"]
[SourceTitle "EXT 2010"]
[Source "ChessBase"]
[SourceDate "2010.11.25"]
[SourceVersion "1"]
[SourceVersionDate "2010.11.25"]
[SourceQuality "1"]
[WhiteTeam "Mecklenburg Vorpommern"]
[BlackTeam "Schleswig Holstein"]
[WhiteTeamCountry "GER"]
[BlackTeamCountry "GER"]

1. e4 c5 2. Nc3 e6 3. f4 d5 4. Nf3 dxe4 5. Nxe4 Nd7 6. Be2 Ngf6 7. d3 Be7 8. 0-0 0-0 9. Nxf6+ Nxf6 10. Ne5 Qc7 11. Qe1 Nd7 12. Bf3 Bf6 13. Ng4 Bd4+ 14. Kh1 c4 15. Qe4 Qb6 16. c3 f5 17. Qxd4 Qxd4 18. cxd4 fxg4 19. Bxg4 Nf6 20. Be2 cxd3 21. Bxd3 Rd8 22. Be3 Nd5 23. Bd2 Bd7 24. Rae1 Nf6 25. Bc4 Rac8 26. Bb3 Kh8 27. Ba5 b6 28. Bc3 Nd5 29. Bxd5 exd5 30. Re5 Bb5 31. Rf3 Re8 32. Rfe3 Kg8 33. g3 Kf7 34. Kg1 a5 35. Rf5+ Kg8 36. Rxe8+ Bxe8 37. Rxd5 Bf7 38. Rd6 b5 39. Bxa5 Rc1+ 40. Kg2 Bxa2 41. Bc3 Bc4 42. Rd8+ Kf7 43. Rd7+ Kf8 44. f5 Rc2+ 45. Kf3 Rxh2 46. Bb4+ Ke8 47. Rc7 Kd8 48. Rxg7 h5 49. Bc3 h4 50. gxh4 Rxh4 51. Kg3 Rh1 52. Kf4 Rd1 53. Ke5 Ke8 54. f6 Rh1 55. Re7+ Kf8 56. Bb4 Rh5+ 57. Kf4 Kg8 58. Rg7+ Kh8 59. f7 Bxf7 60. Rxf7 Rh2 61. Bc3 Rf2+ 62. Ke4 Rxf7 63. d5+ Kg8 64. Kd4 Rc7 65. d6 Rd7 66. Kc5 Kf7 67. Ba5 Ke6 68. Bc7 Rf7 69. Kxb5 Kd7 70. b4 Rf1 71. Kb6 Kc8 72. Ka6 Ra1+ 73. Kb6 Rf1 74. b5 Re1 75. Ka6 Ra1+ 76. Ba5 Kd7 77. b6 Kxd6 78. b7 Rxa5+ 79. Kxa5 Kc7 80. Ka6 Kb8 81. Kb6 1/2-1/2